[Event "GER Seniors Derby 15th"]
[Site "Wesel Undeloh"]
[Date "2016.04.08"]
[Round "6"]
[White "Bosse, Dieter"]
[Black "Roehl, Manfred"]
[Result "1-0"]
[WhiteElo "1756"]
[BlackElo "1795"]
[PlyCount "107"]
[EventDate "2016.04.06"]
[EventType "swiss"]
[EventRounds "9"]
[EventCountry "GER"]
[SourceTitle "EXT 2019"]
[Source "ChessBase"]
[SourceDate "2018.10.10"]
[SourceVersion "1"]
[SourceVersionDate "2018.10.10"]
[SourceQuality "1"]

1. c4 c6 2. Nc3 e6 3. d4 d5 4. cxd5 exd5 5. Qc2 Nf6 6. Bf4 Nbd7 7. e3 Be7 8. Bd3 h6 9. h3 Nb6 10. Nf3 Be6 11. 0-0 Bd6 12. Bxd6 Qxd6 13. Ne5 0-0-0 14. Bf5 Rdf8 15. Nb5 Qb8 16. Bxe6+ fxe6 17. Ng6 Ne4 18. Nxh8 Rxh8 19. Nc3 Nf6 20. b3 g5 21. Qg6 Nbd7 22. f4 g4 23. hxg4 Qd6 24. Rac1 Kb8 25. Rf3 Qf8 26. Rh3 Rg8 27. Qxh6 Qa3 28. Rc2 Rxg4 29. Qh8+ Rg8 30. Qh4 c5 31. Rg3 Rc8 32. Rg7 cxd4 33. exd4 Qf8 34. Rg5 Ne4 35. Nxe4 Rxc2 36. Qg3 Rc8 37. Nd2 Qh8 38. Qe3 a6 39. Nf3 Qe8 40. f5 Rc6 41. Qf4+ Ka7 42. f6 Qc8 43. f7 Rc1+ 44. Kf2 Qc2+ 45. Kg3 Rf1 46. f8Q Nxf8 47. Qxf8 Qf2+ 48. Kh2 Rc1 49. Qf4 Qf1 50. Qd2 Rc7 51. Rg4 Qb1 52. Qa5 Qh7+ 53. Rh4 b6 54. Qd2 1-0